000
00259nam a2200085Ia 4500
008
170620s9999 xx 000 0 und d
100
_a
Ganihar- Noorjehan N.
245
0
_a
Total Quality culture in Teacher Training Colleges
260
_b
New Delhi- Discovery Publishing House
260
_c
2004
999
_c
24623
_d
24623